00457 2200157 4500001002100000008004100021020002200062035002000084082001100104084001800115100001600133245006800149260004300217300002700260990001200287INLIS000000000001417 Ind  a978-602-9232-37-0 a0010-0924000014 a920003 a920.003 SIG e aRais, Sigit aEnsiklopedia Pahlawan, Sebelum Kebangkitan NasionalcSigit Rais aJakartabPT. Lista Fariska Putrac2014 a114 hlm.c17,5 x 25 cm a0750918